000 01845nam a22002777a 4500
008 130311t xxu||||| |||| 00| 0 eng d
020 _a9-7801-9958-2150
082 _222 ed.
_a 344.0105
_bHON
100 _aHoneyball, Simon
_97110
245 _aHoneyball & Bowers' Textbook on Employment Law /
_c Simon Honeyball
250 _a11 ed.
260 _aUSA :
_bOxford University press
_c2010
300 _alxiv, 479 P. ;
_c24 cm.
500 _aIncludes Index
650 _aEmployment law
_96909
650 _aHoneyball & Bowers' Textbook on Employment Law
_97111
942 _2ddc
_cBK
999 _c5340
_d5340